<?xml version="1.0" encoding="UTF-8"?>
<record
    xmlns:xsi="http://www.w3.org/2001/XMLSchema-instance"
    xsi:schemaLocation="http://www.loc.gov/MARC21/slim http://www.loc.gov/standards/marcxml/schema/MARC21slim.xsd"
    xmlns="http://www.loc.gov/MARC21/slim">

  <leader>00245nam a22001217a 4500</leader>
  <datafield tag="040" ind1=" " ind2=" ">
    <subfield code="c">SK</subfield>
  </datafield>
  <datafield tag="082" ind1=" " ind2=" ">
    <subfield code="a">641</subfield>
  </datafield>
  <datafield tag="100" ind1=" " ind2=" ">
    <subfield code="a">NA</subfield>
  </datafield>
  <datafield tag="245" ind1=" " ind2=" ">
    <subfield code="a">SWeet tamarind; &#x17A2;&#x17C6;&#x1796;&#x17B7;&#x179B;&#x1795;&#x17D2;&#x17A2;&#x17C2;&#x1798;</subfield>
  </datafield>
  <datafield tag="260" ind1=" " ind2=" ">
    <subfield code="a">RUA</subfield>
    <subfield code="b">NA</subfield>
    <subfield code="c">NA</subfield>
  </datafield>
  <datafield tag="300" ind1=" " ind2=" ">
    <subfield code="a">129p.</subfield>
  </datafield>
  <datafield tag="942" ind1=" " ind2=" ">
    <subfield code="c">KB</subfield>
  </datafield>
  <datafield tag="999" ind1=" " ind2=" ">
    <subfield code="c">10214</subfield>
    <subfield code="d">10214</subfield>
  </datafield>
  <datafield tag="952" ind1=" " ind2=" ">
    <subfield code="0">0</subfield>
    <subfield code="1">0</subfield>
    <subfield code="4">0</subfield>
    <subfield code="6">641_000000000000000_NA_NA_C246</subfield>
    <subfield code="7">0</subfield>
    <subfield code="9">52693</subfield>
    <subfield code="a">LBC</subfield>
    <subfield code="b">LBC</subfield>
    <subfield code="c">C246</subfield>
    <subfield code="d">2016-09-22</subfield>
    <subfield code="l">3</subfield>
    <subfield code="o">641 NA NA C246</subfield>
    <subfield code="p">A00909</subfield>
    <subfield code="r">2022-02-04</subfield>
    <subfield code="s">2022-01-11</subfield>
    <subfield code="y">KB</subfield>
  </datafield>
  <datafield tag="952" ind1=" " ind2=" ">
    <subfield code="0">0</subfield>
    <subfield code="1">0</subfield>
    <subfield code="4">0</subfield>
    <subfield code="6">641_000000000000000_NA_NA_C246</subfield>
    <subfield code="7">0</subfield>
    <subfield code="9">52694</subfield>
    <subfield code="a">LBC</subfield>
    <subfield code="b">LBC</subfield>
    <subfield code="c">C246</subfield>
    <subfield code="d">2016-09-22</subfield>
    <subfield code="o">641 NA NA C246</subfield>
    <subfield code="p">A02620</subfield>
    <subfield code="r">2016-09-22</subfield>
    <subfield code="y">KB</subfield>
  </datafield>
  <datafield tag="952" ind1=" " ind2=" ">
    <subfield code="0">0</subfield>
    <subfield code="1">0</subfield>
    <subfield code="4">0</subfield>
    <subfield code="6">641_000000000000000_NA_NA_C246</subfield>
    <subfield code="7">0</subfield>
    <subfield code="9">52695</subfield>
    <subfield code="a">LBC</subfield>
    <subfield code="b">LBC</subfield>
    <subfield code="c">C246</subfield>
    <subfield code="d">2016-09-22</subfield>
    <subfield code="o">641 NA NA C246</subfield>
    <subfield code="p">A01979</subfield>
    <subfield code="r">2016-09-22</subfield>
    <subfield code="y">KB</subfield>
  </datafield>
</record>
